Ultimate European Football Club Logos 2023-2024 - Statistics

General Stats
  • This quiz has been taken 11,020 times
  • The average score is 103 of 200
Answer Stats
Picture Answer % Correct
Eintracht Frankfurt
92%
Ajax
88%
Bayern Munich
80%
Dinamo Zagreb
78%
Real Madrid
77%
Manchester City
76%
AC Milan
75%
Arsenal
75%
FC Copenhagen
75%
West Ham United
75%
Juventus
73%
Feyenoord
72%
Paris Saint-Germain
72%
AS Roma
71%
Borussia Dortmund
71%
Chelsea
71%
FC Barcelona
71%
Inter Milan
71%
Liverpool FC
71%
Manchester United
71%
Newcastle United
71%
Nottingham Forest
71%
Tottenham
71%
Atlético Madrid
70%
Bayer Leverkusen
70%
Celtic
70%
Fiorentina
70%
Galatasaray
70%
Napoli
70%
PSV
70%
Sevilla
70%
Wolverhampton
70%
Aston Villa
69%
Fulham
69%
Monaco
69%
Athletic Club
68%
Brighton & Hove Albion
68%
Club Brugge
68%
Everton
68%
Olympique Lyonnais
68%
Olympique Marseille
68%
Real Betis
68%
Young Boys
68%
Benfica
67%
Bologna
67%
Bournemouth
67%
Brentford
67%
Lazio
67%
Olympiacos
67%
Porto
67%
Sporting CP
67%
Torino FC
67%
Valencia
67%
Wolfsburg
67%
Atalanta
66%
Crystal Palace
66%
FC Köln
66%
RB Leipzig
66%
Celta Vigo
65%
Rangers
65%
Real Sociedad
65%
Shakhtar Donetsk
65%
AZ Alkmaar
64%
Lille
64%
RB Salzburg
64%
Villarreal
64%
Red Star Belgrade
63%
Sheffield United
63%
Beşiktaş JK
62%
FC Basel
62%
Mainz
62%
Werder Bremen
62%
Dynamo Kyiv
61%
Genoa
61%
Hoffenheim
61%
Mönchengladbach
61%
Nice
61%
Girona
60%
Stuttgart
60%
Union Berlin
60%
Aberdeen FC
59%
Braga
59%
Burnley
59%
FC Nantes
59%
Stade Rennes
59%
Udinese
59%
Rayo Vallecano
58%
Fenerbahçe
57%
SC Freiburg
57%
Cagliari
56%
Getafe
56%
Hajduk Split
56%
Montpellier
56%
Osasuna
56%
RSC Anderlecht
56%
Sparta Prague
56%
Genk
55%
Hellas Verona
55%
Sassuolo
55%
Stade Brest
55%
Augsburg
54%
Legia Warsaw
54%
Granada
53%
Mallorca
53%
RC Lens
53%
Sheriff Tiraspol
53%
Trabzonspor
53%
AEK Athens
52%
Antwerp
52%
Luton Town
52%
Malmö
52%
Toulouse
52%
Vfl Bochum
52%
Metz
51%
Twente
51%
AA Gent
50%
Monza
50%
Strasbourg
50%
Deportivo Alavés
49%
FCSB
49%
Molde
49%
Panathinaikos
49%
Empoli
48%
Ferencvárosi
48%
Lecce
48%
Stade Reims
48%
Union SG
48%
PAOK
47%
Cádiz
46%
FC Utrecht
46%
Lorient
46%
Salernitana
46%
Midtjylland
45%
Slavia Prague
45%
Slovan Bratislava
45%
Sturm Graz
45%
UD Las Palmas
45%
Heidenheim
44%
Rapid Wien
44%
UD Almería
44%
Vitesse
44%
Maccabi Tel Aviv
43%
Servette
43%
Sparta Rotterdam
43%
Austria Wien
42%
Partizan
42%
APOEL
41%
Le Havre
41%
Maccabi Haifa
41%
Viktoria Plzeň
41%
Bodø/Glimt
40%
Qarabağ
40%
Standard Liège
40%
Boavista
39%
Heerenveen
39%
Rosenborg
39%
Shamrock Rovers
39%
CFR Cluj
38%
Başakşehir
37%
Clermont
36%
Darmstadt
36%
LASK
36%
Lech Poznań
36%
Cercle Brugge
35%
Lugano
35%
GA Eagles
34%
NEC Nijmegen
34%
Vitória
34%
Ludogorets
32%
Djurgården
30%
Frosinone
30%
HJK Helsinki
30%
FC Zürich
29%
Rio Ave
28%
BK Häcken
27%
Charleroi
27%
Astana
25%
Heracles Almelo
24%
Nordsjælland
24%
Raków Częstochowa
24%
Estoril
23%
Gil Vicente
23%
Portimonense
23%
RKC Waalwijk
22%
Westerlo
22%
Arouca
21%
Famalicão
21%
Zorya Luhansk
20%
AEK Larnaca
19%
BATE Borisov
19%
TSC
17%
Olimpija Ljubljana
15%
Zrinjski Mostar
15%
Breiðablik
14%
Čukarički
14%
Spartak Trnava
14%
Aris Limassol
13%
Ballkani
13%
Chaves
13%
KÍ Klaksvik
13%
No matching quizzes found
Score Distribution
Percent of People with Each Score
Percentile by Number Answered
Your Score History
You have not taken this quiz